00784nam a2200241Ia 4500003000400000005001700004008004000021020001800061040000700079041000800086082001300094100004300107245009800150250000600248260004600254300000800300650003900308690003100347906001100378942001200389999001900401952012200420OSt20220606123826.0210210b1995 xxu||||| |||| 00| 0 eng d a0 7069 9750 6 cAL aeng a342 PANE aPANDAY (Manoj) & KEDIA (Onkar).940578 aEssentials of the Indian constitution b for civil services & other competitive examinations a2 aNDbVikas Publishing House Pvt Ltd.c1995 a176 aConstitutional law of India940579 aIndian Constitution940580 a052274 2ddccBK c100249d100249 001040708LawaALbALcLawd2021-02-17g50.00l1o342 PANEp052274r2024-10-18 00:00:00s2024-10-07w2021-02-17yBK